Statistics for Cookie run(find the fake)

Click here to take the quiz!

General Stats

  • This quiz has been taken 67 times
  • The average score is 8 of 15

Answer Stats

QuestionAnswer% Correct
Find the fakeOatmeal raisin cookie
70%
Find the fakeTime cookie
70%
Find the fakeVitis dragon cookie
70%
Find the fakePineapple cookie
69%
Find the fakeMiner cookie
67%
Find the fakeCashew cookie
65%
Find the fakeUnderworld cookie
61%
Find the fakeCookie master
59%
Find the fakeCake roll cookie
57%
Find the fakeBlueberry cookie
56%
Find the fakeWaffle cookie
56%
Find the fakePumpkin cookie
54%
Find the fakeMilk choco cookie
52%
Find the fakeRed velvet
24%
Find the fakeBanana fudge cookie
17%

Score Distribution

Percentile by Number Answered

Percent of People with Each Score

Your Score History

You have not taken this quiz